000
00319nam a22001457a 4500
020
_a
978-0-7788-0180-4
082
_a
641
_b
ROL
100
_a
ROLLAND,J.L
245
_a
THE FOOD ENCYCIOPEDIA
260
_a
SPAIN
_b
LOFT PUBLISHER
_c
2006
300
_a
700
650
_a
FOOD MANAGEMENT
653
_a
FOOD
942
_2
ddc
_c
BK
999
_c
8120
_d
8120